000 00627nam a22001337a 4500
040 _cRUA
082 _aRUB DEM 2018 B662 Or.1
100 _aDEM NIYE ឌឹម​ ណៃយេ៉
245 _ayield comp arison on upw ard tapping system of clone gt 1 at cambodian rubber research institutute ប្រៀបធៀបទិន្នផលលើប្រព័ន្ធចៀរមុខលើនៃក្លូន GT1 នៅវទ្យាស្ថានស្រាវជ្រាវកៅស៊ូកម្ពុជា
260 _arua
_bphnom penh
300 _axii,40p
_bill,
_c29cm
856 _u DEM NIYE
942 _cRUB
999 _c19129
_d19129